<?xml version="1.0" encoding="UTF-8"?>
<record
    xmlns:xsi="http://www.w3.org/2001/XMLSchema-instance"
    xsi:schemaLocation="http://www.loc.gov/MARC21/slim http://www.loc.gov/standards/marcxml/schema/MARC21slim.xsd"
    xmlns="http://www.loc.gov/MARC21/slim">

  <leader>03888nam0a22004931  4500</leader>
  <controlfield tag="001">v19\rc\1335872</controlfield>
  <controlfield tag="005">20260508102956.0</controlfield>
  <datafield tag="035" ind1=" " ind2=" ">
    <subfield code="a">(NLR Aleph) 005209241</subfield>
  </datafield>
  <datafield tag="090" ind1=" " ind2=" ">
    <subfield code="a">5390830</subfield>
    <subfield code="c">5390830</subfield>
  </datafield>
  <datafield tag="100" ind1=" " ind2=" ">
    <subfield code="a">20060512d1854    u  y0rusy50      ca</subfield>
  </datafield>
  <datafield tag="101" ind1="0" ind2=" ">
    <subfield code="a">rus</subfield>
    <subfield code="g">lit</subfield>
  </datafield>
  <datafield tag="102" ind1=" " ind2=" ">
    <subfield code="a">RU</subfield>
  </datafield>
  <datafield tag="105" ind1=" " ind2=" ">
    <subfield code="a">a   z   |||||</subfield>
  </datafield>
  <datafield tag="135" ind1=" " ind2=" ">
    <subfield code="a">como mmmapabr</subfield>
  </datafield>
  <datafield tag="135" ind1=" " ind2=" ">
    <subfield code="a">como mmmapabr</subfield>
  </datafield>
  <datafield tag="135" ind1=" " ind2=" ">
    <subfield code="a">como mmmapabr</subfield>
  </datafield>
  <datafield tag="200" ind1="1" ind2=" ">
    <subfield code="a">&#x427;&#x435;&#x440;&#x442;&#x44B; &#x438;&#x437; &#x438;&#x441;&#x442;&#x43E;&#x440;&#x438;&#x438; &#x438; &#x436;&#x438;&#x437;&#x43D;&#x438; &#x43B;&#x438;&#x442;&#x43E;&#x432;&#x441;&#x43A;&#x43E;&#x433;&#x43E; &#x43D;&#x430;&#x440;&#x43E;&#x434;&#x430;</subfield>
    <subfield code="f">&#x441;&#x43E;&#x441;&#x442;&#x430;&#x432;&#x43B;&#x435;&#x43D;&#x44B;, &#x441; &#x440;&#x430;&#x437;&#x440;&#x435;&#x448;&#x435;&#x43D;&#x438;&#x44F; &#x43D;&#x430;&#x447;&#x430;&#x43B;&#x44C;&#x441;&#x442;&#x432;&#x430;, &#x412;&#x438;&#x43B;&#x435;&#x43D;&#x441;&#x43A;&#x438;&#x43C; &#x433;&#x443;&#x431;&#x435;&#x440;&#x43D;&#x441;&#x43A;&#x438;&#x43C; &#x441;&#x442;&#x430;&#x442;&#x438;&#x441;&#x442;&#x438;&#x447;&#x435;&#x441;&#x43A;&#x438;&#x43C; &#x43A;&#x43E;&#x43C;&#x438;&#x442;&#x435;&#x442;&#x43E;&#x43C;</subfield>
    <subfield code="g">[&#x441;&#x43E;&#x441;&#x442;.: &#x410;.-&#x413;. &#x41A;. &#x41A;&#x438;&#x440;&#x43A;&#x43E;&#x440;, &#x41F;.&#x412;. &#x41A;&#x443;&#x43A;&#x43E;&#x43B;&#x44C;&#x43D;&#x438;&#x43A;]</subfield>
  </datafield>
  <datafield tag="210" ind1=" " ind2=" ">
    <subfield code="a">&#x412;&#x438;&#x43B;&#x44C;&#x43D;&#x43E;</subfield>
    <subfield code="c">&#x442;&#x438;&#x43F;. &#x41E;. &#x417;&#x430;&#x432;&#x430;&#x434;&#x441;&#x43A;&#x43E;&#x433;&#x43E;</subfield>
    <subfield code="d">1854</subfield>
  </datafield>
  <datafield tag="215" ind1=" " ind2=" ">
    <subfield code="a">[3], 7-149, [1] &#x441;., [2] &#x43B;. &#x438;&#x43B;.</subfield>
    <subfield code="c">&#x444;&#x440;&#x43E;&#x43D;&#x442;. (&#x438;&#x43B;.)</subfield>
    <subfield code="d">26</subfield>
  </datafield>
  <datafield tag="300" ind1=" " ind2=" ">
    <subfield code="a">&#x410;&#x432;&#x442;. &#x443;&#x441;&#x442;&#x430;&#x43D;&#x43E;&#x432;&#x43B;&#x435;&#x43D;&#x44B; &#x43F;&#x43E; &#x438;&#x437;&#x434;.: &#x420;&#x443;&#x441;&#x441;&#x43A;&#x438;&#x435; &#x430;&#x43D;&#x43E;&#x43D;&#x438;&#x43C;&#x43D;&#x44B;&#x435; &#x438; &#x43F;&#x43E;&#x434;&#x43F;&#x438;&#x441;&#x430;&#x43D;&#x43D;&#x44B;&#x435; &#x43F;&#x441;&#x435;&#x432;&#x434;&#x43E;&#x43D;&#x438;&#x43C;&#x430;&#x43C;&#x438; &#x43F;&#x440;&#x43E;&#x438;&#x437;&#x432;&#x435;&#x434;&#x435;&#x43D;&#x438;&#x44F; &#x43F;&#x435;&#x447;&#x430;&#x442;&#x438;, 1801-1926. &#x41B;&#x435;&#x43D;&#x438;&#x43D;&#x433;&#x440;&#x430;&#x434;, 1979. &#x412;&#x44B;&#x43F;. 3. &#x421;. 69; &#x420;&#x443;&#x441;&#x441;&#x43A;&#x438;&#x439; &#x431;&#x438;&#x43E;&#x433;&#x440;&#x430;&#x444;&#x438;&#x447;&#x435;&#x441;&#x43A;&#x438;&#x439;&#x441;&#x43B;&#x43E;&#x432;&#x430;&#x440;&#x44C;, &#x442;. &#x418;&#x431;&#x430;&#x43A;-&#x41A;&#x43B;&#x44E;&#x447;&#x430;&#x440;&#x435;&#x432;. &#x421;. 669. &#x438; &#x442;. &#x41A;&#x43D;&#x430;&#x43F;&#x43F;&#x435;-&#x41A;&#x44E;&#x445;&#x435;&#x43B;&#x44C;&#x431;&#x435;&#x43A;&#x435;&#x440;, &#x441;. 537; &#x410;.&#x41A;. &#x41A;&#x438;&#x440;&#x43A;&#x43E;&#x440; : &#x43A;&#x440;&#x430;&#x442;&#x43A;&#x438;&#x439; &#x43E;&#x447;&#x435;&#x440;&#x43A; &#x436;&#x438;&#x437;&#x43D;&#x438; &#x438; &#x434;&#x435;&#x44F;&#x442;&#x435;&#x43B;&#x44C;&#x43D;&#x43E;&#x441;&#x442;&#x438; / &#x42F;&#x43D;&#x447;&#x443;&#x43A; &#x41D;.&#x410;. - &#x41C;., 1888. - &#x421;. 5</subfield>
  </datafield>
  <datafield tag="305" ind1=" " ind2=" ">
    <subfield code="a">&#x412; &#x440;&#x435;&#x446;&#x435;&#x43D;&#x437;&#x438;&#x438; &#x418;.&#x418;. &#x421;&#x440;&#x435;&#x437;&#x43D;&#x435;&#x432;&#x441;&#x43A;&#x43E;&#x433;&#x43E; (&#x427;&#x435;&#x440;&#x442;&#x44B; &#x438;&#x437; &#x438;&#x441;&#x442;&#x43E;&#x440;&#x438;&#x438; &#x438; &#x436;&#x438;&#x437;&#x43D;&#x438; &#x43B;&#x438;&#x442;&#x43E;&#x432;&#x441;&#x43A;&#x43E;&#x433;&#x43E; &#x43D;&#x430;&#x440;&#x43E;&#x434;&#x430; : [&#x440;&#x435;&#x446;&#x435;&#x43D;&#x437;&#x438;&#x44F; &#x43D;&#x430; &#x43A;&#x43D;&#x438;&#x433;&#x443;] / &#x421;&#x440;&#x435;&#x437;&#x43D;&#x435;&#x432;&#x441;&#x43A;&#x438;&#x439; &#x418;.&#x418;. // &#x418;&#x437;&#x432;&#x435;&#x441;&#x442;&#x438;&#x44F; &#x418;&#x43C;&#x43F;. &#x410;&#x43A;&#x430;&#x434;&#x435;&#x43C;&#x438;&#x438; &#x43D;&#x430;&#x443;&#x43A; &#x43F;&#x43E; &#x43E;&#x442;&#x434;&#x435;&#x43B;&#x435;&#x43D;&#x438;&#x44E; &#x440;&#x443;&#x441;&#x441;&#x43A;&#x43E;&#x433;&#x43E; &#x44F;&#x437;&#x44B;&#x43A;&#x430; &#x438; &#x441;&#x43B;&#x43E;&#x432;&#x435;&#x441;&#x43D;&#x43E;&#x441;&#x442;&#x438;, 1984, &#x442;. 3, &#x442;&#x440;&#x435;&#x442;&#x44C; 1, &#x43B;. 3, &#x441;. 44) &#x43E;&#x442;&#x43C;&#x435;&#x447;&#x435;&#x43D;&#x43E;, &#x447;&#x442;&#x43E; "&#x441;&#x431;&#x43E;&#x440;&#x43D;&#x438;&#x43A; &#x44D;&#x442;&#x43E;&#x442; &#x435;&#x441;&#x442;&#x44C; &#x432;&#x442;&#x43E;&#x440;&#x430;&#x44F; &#x447;&#x430;&#x441;&#x442;&#x44C; &#x41F;&#x430;&#x43C;&#x44F;&#x442;&#x43D;&#x43E;&#x439; &#x43A;&#x43D;&#x438;&#x436;&#x43A;&#x438; &#x412;&#x438;&#x43B;&#x435;&#x43D;&#x441;&#x43A;&#x43E;&#x439; &#x433;&#x443;&#x431;&#x435;&#x440;&#x43D;&#x438;&#x438; &#x437;&#x430; 1854 &#x433;&#x43E;&#x434;"</subfield>
  </datafield>
  <datafield tag="305" ind1=" " ind2=" ">
    <subfield code="a">&#x421;&#x43C;. &#x442;&#x430;&#x43A;&#x436;&#x435;: &#x414;&#x43E;&#x43A;&#x443;&#x43C;&#x435;&#x43D;&#x442;&#x44B; &#x420;&#x413;&#x418;&#x410; &#x43F;&#x43E; &#x438;&#x441;&#x442;&#x43E;&#x440;&#x438;&#x438; &#x438;&#x437;&#x434;&#x430;&#x43D;&#x438;&#x44F; "&#x41F;&#x430;&#x43C;&#x44F;&#x442;&#x43D;&#x43E;&#x439; &#x43A;&#x43D;&#x438;&#x436;&#x43A;&#x438; &#x412;&#x438;&#x43B;&#x435;&#x43D;&#x441;&#x43A;&#x43E;&#x439; &#x433;&#x443;&#x431;&#x435;&#x440;&#x43D;&#x438;&#x438;" (1854-1859 &#x433;&#x433;.) / &#x411;&#x430;&#x43B;&#x430;&#x446;&#x43A;&#x430;&#x44F; &#x41D;.&#x41C;. // &#x411;&#x435;&#x43B;&#x43E;&#x440;&#x443;&#x441;&#x441;&#x43A;&#x438;&#x439; &#x441;&#x431;&#x43E;&#x440;&#x43D;&#x438;&#x43A;. &#x421;&#x41F;&#x431;., 2005, &#x412;&#x44B;&#x43F;. 3. &#x421;. 98, 113</subfield>
  </datafield>
  <datafield tag="305" ind1=" " ind2=" ">
    <subfield code="a">&#x418;&#x441;&#x442;&#x43E;&#x447;&#x43D;&#x438;&#x43A;: &#x41F;&#x430;&#x43C;&#x44F;&#x442;&#x43D;&#x44B;&#x435; &#x43A;&#x43D;&#x438;&#x436;&#x43A;&#x438; &#x433;&#x443;&#x431;&#x435;&#x440;&#x43D;&#x438;&#x439; &#x438; &#x43E;&#x431;&#x43B;&#x430;&#x441;&#x442;&#x435;&#x439; &#x420;&#x43E;&#x441;&#x441;&#x438;&#x439;&#x441;&#x43A;&#x43E;&#x439; &#x438;&#x43C;&#x43F;&#x435;&#x440;&#x438;&#x438; (1833-1917) : &#x441;&#x432;&#x43E;&#x434;&#x43D;&#x44B;&#x439; &#x43A;&#x430;&#x442;&#x430;&#x43B;&#x43E;&#x433;-&#x440;&#x435;&#x43F;&#x435;&#x440;&#x442;&#x443;&#x430;&#x440; / &#x411;&#x430;&#x43B;&#x430;&#x446;&#x43A;&#x430;&#x44F; &#x41D;.&#x41C;., &#x420;&#x430;&#x437;&#x434;&#x43E;&#x440;&#x441;&#x43A;&#x438;&#x439; &#x410;.&#x418;. ; &#x420;&#x41D;&#x411;. - &#x421;&#x41F;&#x431;., 2008. - &#x421;. 49</subfield>
  </datafield>
  <datafield tag="325" ind1=" " ind2=" ">
    <subfield code="a">&#x41A;&#x43E;&#x43F;&#x438;&#x44F; &#x434;&#x43E;&#x441;&#x442;&#x443;&#x43F;&#x43D;&#x430; &#x432; &#x42D;&#x43B;&#x435;&#x43A;&#x442;&#x440;&#x43E;&#x43D;. &#x431;-&#x43A;&#x435; &#x420;&#x41D;&#x411; http://vivaldi.nlr.ru/bx000010726/view</subfield>
  </datafield>
  <datafield tag="488" ind1=" " ind2="0">
    <subfield code="1">2001#$a&#x41F;&#x430;&#x43C;&#x44F;&#x442;&#x43D;&#x430;&#x44F;&#x439; &#x43A;&#x43D;&#x438;&#x436;&#x43A;&#x430; &#x412;&#x438;&#x43B;&#x435;&#x43D;&#x441;&#x43A;&#x43E;&#x439; &#x433;&#x443;&#x431;&#x435;&#x440;&#x43D;&#x438;&#x438; &#x43D;&#x430; 1854 &#x433;&#x43E;&#x434;</subfield>
  </datafield>
  <datafield tag="700" ind1=" " ind2="1">
    <subfield code="a">&#x41A;&#x438;&#x440;&#x43A;&#x43E;&#x440;</subfield>
    <subfield code="b">&#x410;. &#x413;. &#x41A;.</subfield>
    <subfield code="f">1818-1886</subfield>
    <subfield code="g">&#x410;&#x434;&#x430;&#x43C; &#x413;&#x43E;&#x43D;&#x43E;&#x440;&#x438;&#x439; &#x41A;&#x430;&#x440;&#x43B;&#x43E;&#x432;&#x438;&#x447;</subfield>
    <subfield code="3">RU\NLR\AUTH\770193230</subfield>
  </datafield>
  <datafield tag="701" ind1=" " ind2="1">
    <subfield code="a">&#x41A;&#x443;&#x43A;&#x43E;&#x43B;&#x44C;&#x43D;&#x438;&#x43A;</subfield>
    <subfield code="b">&#x41F;. &#x412;.</subfield>
    <subfield code="f">1795-1884</subfield>
    <subfield code="g">&#x41F;&#x430;&#x432;&#x435;&#x43B; &#x412;&#x430;&#x441;&#x438;&#x43B;&#x44C;&#x435;&#x432;&#x438;&#x447;</subfield>
    <subfield code="3">RU\NLR\AUTH\7777679</subfield>
    <subfield code="7">ca</subfield>
  </datafield>
  <datafield tag="712" ind1="0" ind2="2">
    <subfield code="a">&#x412;&#x438;&#x43B;&#x435;&#x43D;&#x441;&#x43A;&#x438;&#x439; &#x433;&#x443;&#x431;&#x435;&#x440;&#x43D;&#x441;&#x43A;&#x438;&#x439; &#x441;&#x442;&#x430;&#x442;&#x438;&#x441;&#x442;&#x438;&#x447;&#x435;&#x441;&#x43A;&#x438;&#x439; &#x43A;&#x43E;&#x43C;&#x438;&#x442;&#x435;&#x442;</subfield>
    <subfield code="3">RU\NLR\AUTH\8810080804</subfield>
    <subfield code="4">570</subfield>
  </datafield>
  <datafield tag="801" ind1=" " ind2="0">
    <subfield code="a">RU</subfield>
    <subfield code="b">NLR</subfield>
    <subfield code="c">20060512</subfield>
    <subfield code="g">psbo</subfield>
  </datafield>
  <datafield tag="801" ind1=" " ind2="0">
    <subfield code="a">RU</subfield>
    <subfield code="b">RuMoRGB</subfield>
    <subfield code="c">20060512</subfield>
    <subfield code="2">psbo</subfield>
  </datafield>
  <datafield tag="801" ind1=" " ind2="1">
    <subfield code="a">RU</subfield>
    <subfield code="b">ProSoft-M</subfield>
    <subfield code="c">20060512</subfield>
    <subfield code="2">rusmarc</subfield>
  </datafield>
  <datafield tag="801" ind1=" " ind2="2">
    <subfield code="a">RU</subfield>
    <subfield code="b">NLR</subfield>
    <subfield code="c">20111221</subfield>
    <subfield code="2">rusmarc</subfield>
  </datafield>
  <datafield tag="852" ind1=" " ind2=" ">
    <subfield code="a">NLR</subfield>
    <subfield code="j">18.391.1.23</subfield>
  </datafield>
  <datafield tag="852" ind1=" " ind2=" ">
    <subfield code="a">NLR</subfield>
    <subfield code="j">18.27.3.29</subfield>
  </datafield>
  <datafield tag="856" ind1=" " ind2="0">
    <subfield code="u">https://nlr.ru/elibrarypro/memo/RA5946/content?id=273</subfield>
  </datafield>
  <datafield tag="856" ind1=" " ind2="0">
    <subfield code="u">http://vivaldi.nlr.ru/bx000010726/view</subfield>
  </datafield>
  <datafield tag="856" ind1=" " ind2="1">
    <subfield code="u">http://vivaldi.nlr.ru/bx000010726/cover</subfield>
  </datafield>
  <datafield tag="856" ind1=" " ind2="2">
    <subfield code="u">http://vivaldi.nlr.ru/bx000010726/text</subfield>
  </datafield>
  <datafield tag="942" ind1=" " ind2=" ">
    <subfield code="c">BOOK</subfield>
  </datafield>
  <datafield tag="980" ind1=" " ind2=" ">
    <subfield code="a">NB</subfield>
  </datafield>
  <datafield tag="981" ind1="3" ind2="6">
    <subfield code="a">(36) &#x426;&#x438;&#x444;&#x440;&#x43E;&#x432;&#x43E;&#x439; &#x440;&#x435;&#x43F;&#x43E;&#x437;&#x438;&#x442;&#x43E;&#x440;&#x438;&#x439; &#x420;&#x41D;&#x411;</subfield>
  </datafield>
  <datafield tag="981" ind1="2" ind2="6">
    <subfield code="a">(26) &#x41F;&#x430;&#x43C;&#x44F;&#x442;&#x43D;&#x44B;&#x435; &#x43A;&#x43D;&#x438;&#x436;&#x43A;&#x438; &#x433;&#x443;&#x431;&#x435;&#x440;&#x43D;&#x438;&#x439; &#x420;&#x43E;&#x441;&#x441;&#x438;&#x439;&#x441;&#x43A;&#x43E;&#x439; &#x438;&#x43C;&#x43F;&#x435;&#x440;&#x438;&#x438;</subfield>
    <subfield code="b">(26) &#x412;&#x438;&#x43B;&#x435;&#x43D;&#x441;&#x43A;&#x430;&#x44F; &#x433;&#x443;&#x431;&#x435;&#x440;&#x43D;&#x438;&#x44F;</subfield>
  </datafield>
  <datafield tag="995" ind1=" " ind2=" ">
    <subfield code="5">2013-10-26</subfield>
    <subfield code="b">NLR02</subfield>
    <subfield code="c">NLR02</subfield>
    <subfield code="e">RFS</subfield>
    <subfield code="f">1-3883720</subfield>
    <subfield code="k">18.391.1.23</subfield>
    <subfield code="o">0</subfield>
    <subfield code="r">BOOK</subfield>
    <subfield code="s">18391123_</subfield>
  </datafield>
  <datafield tag="995" ind1=" " ind2=" ">
    <subfield code="5">2013-10-26</subfield>
    <subfield code="b">NLR02</subfield>
    <subfield code="c">NLR02</subfield>
    <subfield code="e">RFS</subfield>
    <subfield code="f">5209241-20</subfield>
    <subfield code="k">18.27.3.29</subfield>
    <subfield code="o">0</subfield>
    <subfield code="r">BOOK</subfield>
    <subfield code="s">1827329_</subfield>
  </datafield>
</record>
